| 000 | 00527nam a2200205Ia 4500 | ||
|---|---|---|---|
| 999 |
_c3465 _d3465 |
||
| 001 | 7649566 | ||
| 003 | OSt | ||
| 005 | 20181113160348.0 | ||
| 008 | 810807s1958 ilu 000 0beng d | ||
| 020 | _a0802400310 | ||
| 040 |
_aMCB _cMCB _dBSC |
||
| 082 |
_a248.4 _bB154G |
||
| 092 |
_a362.732 _bM946b |
||
| 100 | 1 | _aBailey, Faith Coxe. | |
| 245 | 1 | 0 |
_aGeorge Mueller / _cFaith Coxe Bailey. |
| 260 |
_aChicago : _bMoody Press, _cc1958. |
||
| 300 |
_a159 p. ; _c19 cm. |
||
| 600 | 1 | 0 |
_aMüller, George, _d1805-1898. |
| 942 |
_2ddc _cBK |
||